| Поле | Инд. | ПП | Название | Значение |
|---|---|---|---|---|
| Тип записи | a | |||
| Библиографический уровень | m | |||
| 001 | Контрольный номер | RU/IS/BASE/565106316 | ||
| 005 | Дата корректировки | 20260113152926.3 | ||
| 020 | a | ISBN | 978-5-98699-161-0 | |
| c | Цена, тираж | 399 р. 30 к. | ||
| 040 | b | Код языка каталог. | rus | |
| e | Правила каталог. | PSBO | ||
| 041 | 0_ | a | Код языка текста | rus |
| 080 | a | Индекс УДК | 658.562.018(075.8) | |
| a | Индекс УДК | 005.6(075.8) | ||
| 090 | a | Полочн. индекс | 658 | |
| x | Авторский знак | Е 80 | ||
| 097 | b | Оператор | *Еж* | |
| b | Оператор | *Ольга-С* | ||
| b | Оператор | *С* | ||
| 100 | 1_ | a | Автор | Ершов А.К. |
| 245 | 10 | a | Заглавие | Управление качеством |
| b | Продолж. заглавия | учеб. пособие для вузов | ||
| b | Продолж. заглавия | в составе учебно-методического комплекса | ||
| 260 | a | Место издания | Москва | |
| b | Издательство | Университетская книга | ||
| c | Дата издания | 2016 | ||
| 300 | a | Объем | 283 с. | |
| 440 | _0 | a | Серия | УМК-У |
| 516 | 8_ | a | Прим. о типе комп. файла/ данных | Текст : непосредственный |
| 520 | 0_ | a | Аннотация | Проанализированы современные подходы к решению проблем качества, новая система знаний в области управления им. Рассмотрены методология и технология менеджмента качества, в том числе в отрасли книгоиздания с позиций междисциплинарного подхода. Подробно освещены такие вопросы, как природа качества, рынок и качество, качество как объект управления, средства и методы решения проблем качества в TQM, база обеспечения, конкурентоспособность, информационное обеспечение, аудит, человеческий фактор в менеджменте качества. Для студентов высших учебных заведений, обучающихся по специальностям «Экономика и управление на предприятии» и «Материаловедение и технология новых материалов».Представляет интерес для широкого круга специалистов в области управления качеством. |
| 583 | a | Действие | Приписка : УМК | |
| 653 | 0_ | a | Ключевые слова | Аудит качества |
| a | Ключевые слова | Защита прав потребителей | ||
| a | Ключевые слова | Качество | ||
| a | Ключевые слова | Конкурентноспособность | ||
| a | Ключевые слова | Менеджмент качества | ||
| a | Ключевые слова | Оценка качества | ||
| a | Ключевые слова | Управление качеством | ||
| 655 | a | Жанр/ форма (устаревшее) | У | |
| 773 | 18 | w | Контрольный № источника | 116026 |
| 900 | a | Имя макрообъекта | 001-000126418-000000000-0000-0000-00 | |
| 901 | t | Тип документа | m | |
| 905 | a | Дата создания записи | 05.02.18 | |
| c | Дата приписки | 13.01.26 | ||
| 940 | a | ХТФ | ||
| 952 | b | Гриф литературы для ВШ | Гриф УМО | |
| a | Тип литературы для КСУ ВШ | У2 | ||
| 954 | c | 31.01.18 | ||
| 990 | h | N записи в КСУ для Б/У (DOS) | 63/2017 | |
| j | Количество экземпляров (DOS) | 6 | ||
| c | Приоритет заказа (DOS) | д | ||
| g | Размещение заказа (DOS) | Логос | ||
| f | Даты поступлений (DOS) | 19.12.17 |